Riconosci il Pokémon - Quiz n°488 - Statistics

Statistiche generali
  • Questo quiz è stato fatto 0 volte
  • Il punteggio medio è 0 su 10
Statistiche sulle risposte
Indizio Risposta % Corretto
Altezza 0,4 m
0%
Peso 19,2 kg
0%
Tasso di cattura 225 (39.9%)
0%
Sesso 50% ♂, 50% ♀
0%
Stadio evoluzione Forma Base
0%
Tasso di allevamento Medio-Veloce
0%
Generazione Quarta
0%
Pokémon Stunky
0%
Abilità Tanfo; Scoppio; Sguardofermo
0%
Tipo Veleno / Buio
0%
Nessun quiz corrispondente trovato
Distribuzione punteggi
Percentuale di utenti per punteggio
Percentile per numero di risposta
I tuoi punteggi nel tempo
Non hai fatto questo quiz